[Event "Chigorin Memorial 23rd"]
[Site "St Petersburg"]
[Date "2015.10.07"]
[Round "5"]
[White "Malofeev, Alex"]
[Black "Keadana, Amir"]
[Result "0-1"]
[WhiteElo "2141"]
[BlackElo "1730"]
[PlyCount "34"]
[EventDate "2015.10.03"]
[EventType "swiss"]
[EventRounds "9"]
[EventCountry "RUS"]
[SourceTitle "CBM 168 Extra"]
[Source "ChessBase"]
[SourceDate "2015.10.29"]
[SourceVersion "1"]
[SourceVersionDate "2015.10.29"]
[SourceQuality "1"]

1. e4 e6 2. Nf3 d5 3. Nc3 Nf6 4. Bd3 Bb4 5. Qe2 0-0 6. a3 Ba5 7. b4 Bb6 8. Na4 dxe4 9. Bxe4 Nxe4 10. Nxb6 axb6 11. Qxe4 Qd5 12. Qe2 c5 13. c4 Qd6 14. b5 e5 15. Bb2 f6 16. d3 Bf5 17. Rd1 Rd8 0-1

[Event "Chigorin Memorial 23rd"]
[Site "St Petersburg"]
[Date "2015.10.05"]
[Round "3"]
[White "Malofeev, Alex"]
[Black "Kashin, Yury"]
[Result "1-0"]
[WhiteElo "2141"]
[BlackElo "1848"]
[PlyCount "92"]
[EventDate "2015.10.03"]
[EventType "swiss"]
[EventRounds "9"]
[EventCountry "RUS"]
[SourceTitle "CBM 168 Extra"]
[Source "ChessBase"]
[SourceDate "2015.10.29"]
[SourceVersion "1"]
[SourceVersionDate "2015.10.29"]
[SourceQuality "1"]

1. e4 e6 2. Nf3 d5 3. Nc3 Ne7 4. d4 Nbc6 5. Bb5 a6 6. Bxc6+ bxc6 7. 0-0 Ng6 8. Re1 Be7 9. Na4 0-0 10. c3 dxe4 11. Rxe4 c5 12. Re1 cxd4 13. Qxd4 Bb7 14. Be3 Bxf3 15. Qxd8 Rfxd8 16. gxf3 Nh4 17. Red1 Nxf3+ 18. Kg2 Nh4+ 19. Kf1 Nf5 20. Bc5 Kf8 21. b4 Nd6 22. a3 f6 23. Bxd6 Bxd6 24. Kg2 Kf7 25. c4 Be5 26. Rac1 Rd4 27. Nc5 Ke7 28. h3 a5 29. b5 a4 30. Re1 Rd2 31. Rcd1 Rxd1 32. Rxd1 Bd6 33. Na6 Bxa3 34. Ra1 Bd6 35. c5 Be5 36. Rxa4 g5 37. h4 h5 38. hxg5 Rg8 39. Kf1 Rxg5 40. Ke2 Bh2 41. f4 Rg2+ 42. Kf3 Rc2 43. c6 e5 44. Nxc7 f5 45. fxe5 Bxe5 46. Nd5+ Kd6 1-0

[Event "St Petersburg Autumn op"]
[Site "St Petersburg"]
[Date "2011.11.03"]
[Round "7"]
[White "Serov, Maksim"]
[Black "Malofeev, Alex"]
[Result "1-0"]
[WhiteElo "2388"]
[BlackElo "2201"]
[PlyCount "91"]
[EventDate "2011.10.28"]
[EventType "swiss"]
[EventRounds "9"]
[EventCountry "RUS"]
[SourceTitle "EXT 2013"]
[Source "ChessBase"]
[SourceDate "2012.11.22"]
[SourceVersion "1"]
[SourceVersionDate "2012.11.22"]
[SourceQuality "1"]

1. d4 d5 2. Nf3 Nf6 3. c4 e6 4. g3 Bb4+ 5. Bd2 Nc6 6. Bxb4 Nxb4 7. Nbd2 0-0 8. Bg2 Ne4 9. 0-0 Nxd2 10. Qxd2 a5 11. Rfd1 Bd7 12. Ne5 Be8 13. a3 Nc6 14. Qc3 Ne7 15. Rac1 c6 16. e4 f6 17. Nd3 Bf7 18. e5 dxc4 19. Qxc4 f5 20. h4 h6 21. Nf4 Qd7 22. h5 Rfd8 23. Qc5 Qe8 24. Bf3 Rd7 25. Kg2 Nc8 26. Be2 Re7 27. Rd2 Qd8 28. b4 axb4 29. axb4 Nb6 30. b5 cxb5 31. Qxb5 Rd7 32. Rb2 Nd5 33. Nxd5 Rxd5 34. Qxb7 Rd7 35. Qc6 Rxd4 36. Bf3 Rb8 37. Ra2 Rd7 38. Rcc2 Qe8 39. Qa6 Re7 40. Qd6 Rd8 41. Qb6 Rb8 42. Qd6 Kh7 43. Bc6 Qf8 44. Bf3 Rd8 45. Qb6 Qe8 46. Qc5 1-0

[Event "St Petersburg Autumn op"]
[Site "St Petersburg"]
[Date "2011.11.02"]
[Round "6"]
[White "Malofeev, Alex"]
[Black "Belov, Nikita"]
[Result "1-0"]
[WhiteElo "2201"]
[BlackElo "2030"]
[PlyCount "45"]
[EventDate "2011.10.28"]
[EventType "swiss"]
[EventRounds "9"]
[EventCountry "RUS"]
[SourceTitle "EXT 2013"]
[Source "ChessBase"]
[SourceDate "2012.11.22"]
[SourceVersion "1"]
[SourceVersionDate "2012.11.22"]
[SourceQuality "1"]

1. e4 e6 2. Nf3 d5 3. Nc3 c5 4. exd5 exd5 5. Bb5+ Nc6 6. Ne5 Qd6 7. 0-0 Nf6 8. d4 Qc7 9. Re1 Be6 10. Bf4 Qb6 11. Bxc6+ bxc6 12. Na4 Qb5 13. c4 dxc4 14. Nc3 Qa6 15. Nxc6 Rc8 16. Nb8 Qb7 17. d5 Be7 18. dxe6 0-0 19. Nd7 Rfd8 20. exf7+ Kxf7 21. Ne5+ Kg8 22. Qe2 Rd4 23. Nf3 1-0

[Event "St Petersburg Autumn op"]
[Site "St Petersburg"]
[Date "2010.10.18"]
[Round "3"]
[White "Malofeev, Alex"]
[Black "Simko, Vladimir"]
[Result "1/2-1/2"]
[WhiteElo "2226"]
[BlackElo "1985"]
[PlyCount "77"]
[EventDate "2010.10.16"]
[EventType "swiss"]
[EventRounds "9"]
[EventCountry "RUS"]
[SourceTitle "EXT 2011"]
[Source "ChessBase"]
[SourceDate "2010.11.26"]
[SourceVersion "1"]
[SourceVersionDate "2010.11.26"]
[SourceQuality "1"]

1. e4 e5 2. Nf3 Nc6 3. Bb5 a6 4. Ba4 Nf6 5. 0-0 Be7 6. Re1 b5 7. Bb3 d6 8. c3 Na5 9. Bc2 0-0 10. d3 Bb7 11. Nbd2 c5 12. Nf1 Qc7 13. Ne3 g6 14. h3 Rfe8 15. Nh2 Bf8 16. Nhg4 Nxg4 17. Nxg4 Bg7 18. Bg5 f5 19. Nf6+ Bxf6 20. Bxf6 Qf7 21. Bg5 Kg7 22. Qd2 f4 23. f3 h6 24. Bh4 g5 25. Bf2 Bc8 26. b4 cxb4 27. cxb4 Nb7 28. d4 Be6 29. a4 Bc4 30. d5 Rec8 31. Bd3 Qd7 32. Ra3 bxa4 33. Bxc4 Rxc4 34. Rea1 Qb5 35. Rxa4 Kg6 36. Be1 a5 37. Kh2 Rac8 38. Qd3 axb4 39. Ra6 1/2-1/2

[Event "St Petersburg Autumn op"]
[Site "St Petersburg"]
[Date "2010.10.16"]
[Round "1"]
[White "Malofeev, Alex"]
[Black "Erofeev, Alexey"]
[Result "0-1"]
[WhiteElo "2226"]
[BlackElo "2178"]
[PlyCount "72"]
[EventDate "2010.10.16"]
[EventType "swiss"]
[EventRounds "9"]
[EventCountry "RUS"]
[SourceTitle "EXT 2011"]
[Source "ChessBase"]
[SourceDate "2010.11.26"]
[SourceVersion "1"]
[SourceVersionDate "2010.11.26"]
[SourceQuality "1"]

1. e4 e6 2. Nf3 d5 3. Nc3 Nf6 4. e5 Nfd7 5. d4 c5 6. dxc5 Nc6 7. Bb5 Bxc5 8. 0-0 0-0 9. Qe2 Nd4 10. Nxd4 Bxd4 11. Bf4 Qc7 12. Rae1 a6 13. Bd3 Nc5 14. Qg4 Nxd3 15. cxd3 f5 16. Qg3 Qb6 17. Ne2 Bc5 18. Rc1 Bd7 19. Rc2 Rfc8 20. Rfc1 Qa5 21. h4 Bf8 22. h5 Rxc2 23. Rxc2 Rc8 24. Bd2 Qxa2 25. Rxc8 Bxc8 26. h6 Qxb2 27. hxg7 Bxg7 28. Bh6 Qa1+ 29. Kh2 Qxe5 30. Nf4 Kf7 31. Qh4 Bxh6 32. Qxh6 Qg7 33. Qh5+ Ke7 34. Qh4+ Kd7 35. Nh5 Qe7 36. Nf6+ Kd8 0-1

[Event "Peterhof op"]
[Site "Peterhof"]
[Date "2010.01.04"]
[Round "2"]
[White "Malofeev, Alex"]
[Black "Sokolova, Vera Evgenyevna"]
[Result "1/2-1/2"]
[WhiteElo "2242"]
[BlackElo "2078"]
[PlyCount "27"]
[EventDate "2010.01.03"]
[EventType "swiss"]
[EventRounds "9"]
[EventCountry "RUS"]
[SourceTitle "CBM 134 Extra"]
[Source "ChessBase"]
[SourceDate "2010.03.03"]
[SourceVersion "1"]
[SourceVersionDate "2010.03.03"]
[SourceQuality "1"]

1. e4 e5 2. Nf3 Nc6 3. Bb5 a6 4. Ba4 Nf6 5. 0-0 Be7 6. Re1 b5 7. Bb3 0-0 8. d3 d6 9. c3 Na5 10. Bc2 c5 11. Nbd2 Re8 12. Nf1 Qc7 13. h3 Be6 14. Ne3 1/2-1/2

[Event "St Petersburg Chigorin CC-ch"]
[Site "St Petersburg"]
[Date "2009.05.24"]
[Round "5"]
[White "Malofeev, Alex"]
[Black "Silivanov, Sergej"]
[Result "1/2-1/2"]
[WhiteElo "2233"]
[BlackElo "2325"]
[PlyCount "60"]
[EventDate "2009.05.19"]
[EventType "swiss"]
[EventRounds "9"]
[EventCountry "RUS"]
[SourceTitle "CBM 130 Extra"]
[Source "ChessBase"]
[SourceDate "2009.07.02"]
[SourceVersion "2"]
[SourceVersionDate "2009.07.15"]
[SourceQuality "1"]

1. e4 e5 2. Nf3 Nc6 3. Bb5 a6 4. Ba4 d6 5. c3 f5 6. exf5 Bxf5 7. d4 e4 8. Ng5 d5 9. Bxc6+ bxc6 10. f3 exf3 11. Qxf3 Nh6 12. Qe3+ Qe7 13. 0-0 Qxe3+ 14. Bxe3 Bd6 15. Nf7 Kxf7 16. Bxh6 Kg6 17. Bxg7 Rhe8 18. Be5 Bxe5 19. dxe5 Rxe5 20. Nd2 Re2 21. Nf3 Be4 22. Rf2 Bxf3 23. Rxf3 Rxb2 24. Raf1 Kg7 25. Rf7+ Kg8 26. Rxc7 Re8 27. h4 Ree2 28. Rc8+ Kg7 29. Rc7+ Kg8 30. Rc8+ Kg7 1/2-1/2

[Event "St Petersburg Chigorin CC-ch"]
[Site "St Petersburg"]
[Date "2009.05.22"]
[Round "4"]
[White "Nikolaev, Yury"]
[Black "Malofeev, Alex"]
[Result "0-1"]
[WhiteElo "2134"]
[BlackElo "2233"]
[PlyCount "92"]
[EventDate "2009.05.19"]
[EventType "swiss"]
[EventRounds "9"]
[EventCountry "RUS"]
[SourceTitle "CBM 130 Extra"]
[Source "ChessBase"]
[SourceDate "2009.07.02"]
[SourceVersion "2"]
[SourceVersionDate "2009.07.15"]
[SourceQuality "1"]

1. e4 c6 2. d4 d5 3. Nc3 dxe4 4. Nxe4 Nf6 5. Nxf6+ exf6 6. c3 Bd6 7. Bd3 0-0 8. Ne2 Re8 9. Qc2 h6 10. 0-0 Nd7 11. Bd2 Nf8 12. Rae1 Qc7 13. h3 Be6 14. c4 Qd7 15. f4 b5 16. b3 bxc4 17. bxc4 Qd8 18. Be4 Bxc4 19. Qxc4 Rxe4 20. Ng3 Rxe1 21. Rxe1 Ne6 22. Nf5 Bf8 23. Bb4 Qd5 24. Qxd5 cxd5 25. Bxf8 Kxf8 26. Rb1 g6 27. Nxh6 Kg7 28. Ng4 Nxf4 29. Kf2 Rc8 30. Ne3 Rc6 31. Rb5 Ra6 32. Nxd5 Rxa2+ 33. Kf3 Nxg2 34. Nc3 Rd2 35. Nb1 Nh4+ 36. Ke4 Re2+ 37. Kd5 Nf5 38. Kc5 Rc2+ 39. Kd5 Rc7 40. Rb4 a5 41. Ra4 Rb7 42. Nd2 Rb5+ 43. Kc6 Rb2 44. Nc4 Rc2 45. Kd5 Rc3 46. Ra2 Rxh3 0-1

[Event "Peterhof op"]
[Site "Peterhof"]
[Date "2008.08.09"]
[Round "8"]
[White "Malofeev, Alex"]
[Black "Anjuhin, Alex"]
[Result "1-0"]
[WhiteElo "2255"]
[BlackElo "2346"]
[PlyCount "27"]
[EventDate "2008.08.02"]
[EventType "swiss"]
[EventRounds "9"]
[EventCountry "RUS"]
[SourceTitle "CBM 125 Extra"]
[Source "ChessBase"]
[SourceDate "2008.09.01"]
[SourceVersion "1"]
[SourceVersionDate "2008.09.01"]
[SourceQuality "1"]

1. e4 c5 2. Nf3 e6 3. d4 cxd4 4. Nxd4 Nf6 5. Nc3 Bb4 6. e5 Nd5 7. Bd2 Bxc3 8. bxc3 Qc7 9. f4 a6 10. Qg4 g6 11. c4 Nb6 12. Bb4 Nxc4 13. Qg5 d5 14. exd6 1-0

[Event "Peterhof op"]
[Site "Peterhof"]
[Date "2008.08.06"]
[Round "5"]
[White "Malofeev, Alex"]
[Black "Solovjov, Sergey"]
[Result "0-1"]
[WhiteElo "2255"]
[BlackElo "2434"]
[PlyCount "84"]
[EventDate "2008.08.02"]
[EventType "swiss"]
[EventRounds "9"]
[EventCountry "RUS"]
[SourceTitle "CBM 125 Extra"]
[Source "ChessBase"]
[SourceDate "2008.09.01"]
[SourceVersion "1"]
[SourceVersionDate "2008.09.01"]
[SourceQuality "1"]

1. e4 c5 2. Nf3 g6 3. d4 cxd4 4. Nxd4 Nf6 5. Nc3 d6 6. Be2 Bg7 7. 0-0 0-0 8. Nb3 Nc6 9. Kh1 Be6 10. f4 Qc8 11. Bf3 Bc4 12. Re1 a5 13. Nd5 Nxd5 14. exd5 Nb4 15. Rxe7 a4 16. Nd2 Bxd5 17. c3 Nd3 18. Qf1 Nxf4 19. Ne4 Ne6 20. Ng5 Bxf3 21. Qxf3 Nxg5 22. Bxg5 a3 23. bxa3 Qxc3 24. Qxc3 Bxc3 25. Rb1 Rxa3 26. Rexb7 Re8 27. R7b3 Rxb3 28. axb3 f5 29. Kg1 Re1+ 30. Rxe1 Bxe1 31. Kf1 Bb4 32. Ke2 Kf7 33. Kd3 d5 34. h3 Ke6 35. Bd2 Bxd2 36. Kxd2 g5 37. b4 h5 38. Ke3 f4+ 39. Kf3 Kf5 40. b5 g4+ 41. hxg4+ hxg4+ 42. Ke2 Ke6 0-1

[Event "Peterhof op"]
[Site "Peterhof"]
[Date "2008.08.02"]
[Round "1"]
[White "Malofeev, Alex"]
[Black "Bivol, Alina"]
[Result "1-0"]
[WhiteElo "2255"]
[BlackElo "1831"]
[PlyCount "59"]
[EventDate "2008.08.02"]
[EventType "swiss"]
[EventRounds "9"]
[EventCountry "RUS"]
[SourceTitle "CBM 125 Extra"]
[Source "ChessBase"]
[SourceDate "2008.09.01"]
[SourceVersion "1"]
[SourceVersionDate "2008.09.01"]
[SourceQuality "1"]

1. e4 e6 2. d4 d5 3. Nc3 Bb4 4. a3 Bxc3+ 5. bxc3 c5 6. exd5 Qxd5 7. Nf3 Nf6 8. a4 Nc6 9. Ba3 Ne4 10. c4 Qd8 11. Bd3 Qa5+ 12. Kf1 Nc3 13. Qe1 cxd4 14. Nxd4 Nxd4 15. Bb2 Qg5 16. Bxc3 Nf5 17. Qe4 Ne7 18. h4 Qh6 19. Qg4 0-0 20. Qg5 Qxg5 21. hxg5 Ng6 22. f3 Rd8 23. Kf2 b6 24. Rh2 Nf8 25. Bxh7+ Nxh7 26. Rah1 Ba6 27. Rxh7 Kf8 28. Bxg7+ Ke8 29. Bf6 Rdc8 30. Rd1 1-0

[Event "Petrovskaya Ladya op"]
[Site "Peterhof"]
[Date "2008.01.04"]
[Round "2"]
[White "Safonov, Nikolaj"]
[Black "Malofeev, Alex"]
[Result "1-0"]
[WhiteElo "2098"]
[BlackElo "2271"]
[PlyCount "63"]
[EventDate "2008.01.03"]
[EventType "swiss"]
[EventRounds "9"]
[EventCountry "RUS"]
[SourceTitle "CBM 122 Extra"]
[Source "ChessBase"]
[SourceDate "2008.03.04"]
[SourceVersion "1"]
[SourceVersionDate "2008.03.04"]
[SourceQuality "1"]

1. c4 Nf6 2. Nc3 c5 3. g3 g6 4. Bg2 Nc6 5. e3 Bg7 6. Nge2 h5 7. h3 b6 8. d4 Bb7 9. d5 Na5 10. b3 e6 11. Bb2 0-0 12. 0-0 exd5 13. cxd5 d6 14. Qd2 Ba6 15. Rfe1 Bxe2 16. Rxe2 a6 17. Rae1 Nd7 18. f4 b5 19. Ne4 Bxb2 20. Qxb2 Qe7 21. g4 hxg4 22. hxg4 f6 23. Bf3 c4 24. Rh2 Nc5 25. Nxc5 dxc5 26. Qd2 Qd8 27. d6 Ra7 28. Kf2 Rh7 29. Qd5+ Kg7 30. Rxh7+ Kxh7 31. Qxc5 cxb3 32. Qa7+ 1-0

[Event "Petrovskaya Ladya op"]
[Site "Peterhof"]
[Date "2008.01.03"]
[Round "1"]
[White "Malofeev, Alex"]
[Black "Gantsevich, Aleksei"]
[Result "1-0"]
[WhiteElo "2271"]
[BlackElo "2045"]
[PlyCount "49"]
[EventDate "2008.01.03"]
[EventType "swiss"]
[EventRounds "9"]
[EventCountry "RUS"]
[SourceTitle "CBM 122 Extra"]
[Source "ChessBase"]
[SourceDate "2008.03.04"]
[SourceVersion "1"]
[SourceVersionDate "2008.03.04"]
[SourceQuality "1"]

1. e4 c5 2. Nf3 d6 3. d4 cxd4 4. Nxd4 Nf6 5. Nc3 a6 6. Be2 e6 7. 0-0 Be7 8. Kh1 0-0 9. f4 Nc6 10. Be3 Bd7 11. Qe1 b5 12. a3 Qc7 13. Qg3 Ne8 14. f5 Bf6 15. fxe6 fxe6 16. Nxc6 Bxc6 17. Bg4 Qe7 18. Qh3 Nc7 19. Bb6 Bxc3 20. Qxc3 Qd7 21. Bxc7 Qxc7 22. Bxe6+ Kh8 23. Bd5 Rfc8 24. Bxc6 Qxc6 25. Rf8+ 1-0

[Event "Petrovskaya Ladya op 08"]
[Site "Peterhof"]
[Date "2007.08.10"]
[Round "5"]
[White "Timchenko, Aleksandr"]
[Black "Malofeev, Alex"]
[Result "0-1"]
[WhiteElo "2061"]
[BlackElo "2321"]
[PlyCount "86"]
[EventDate "2007.08.06"]
[EventType "swiss"]
[EventRounds "9"]
[EventCountry "RUS"]
[SourceTitle "EXT 2008"]
[Source "ChessBase"]
[SourceDate "2007.11.25"]
[SourceVersion "1"]
[SourceVersionDate "2007.11.25"]
[SourceQuality "1"]

1. Nf3 Nf6 2. g3 g6 3. Bg2 Bg7 4. 0-0 0-0 5. c4 c5 6. Nc3 Nc6 7. d4 cxd4 8. Nxd4 d6 9. Nxc6 bxc6 10. Bxc6 Bh3 11. Bg2 Bxg2 12. Kxg2 Qc7 13. Qd3 Rfc8 14. Be3 Qxc4 15. Qxc4 Rxc4 16. Rac1 Ng4 17. Nd5 Nxe3+ 18. fxe3 Rxc1 19. Rxc1 e6 20. Ne7+ Kf8 21. Rc8+ Rxc8 22. Nxc8 d5 23. b4 a6 24. a4 Bc3 25. b5 axb5 26. axb5 Be5 27. Na7 Bd6 28. Kf3 f5 29. g4 Bxh2 30. b6 Ke8 31. g5 Kd7 32. b7 Kc7 33. Kg2 Kxb7 34. Nb5 Be5 35. Nd4 Bxd4 36. exd4 Kc7 37. Kf3 Kd7 38. Ke3 e5 39. Kd3 Ke6 40. e3 e4+ 41. Ke2 f4 42. exf4 Kf5 43. Ke3 Kg4 0-1

[Event "Petrovskaya Ladya op 08"]
[Site "Peterhof"]
[Date "2007.08.09"]
[Round "4"]
[White "Malofeev, Alex"]
[Black "Pyatin, Alexander"]
[Result "1/2-1/2"]
[WhiteElo "2321"]
[BlackElo "2041"]
[PlyCount "86"]
[EventDate "2007.08.06"]
[EventType "swiss"]
[EventRounds "9"]
[EventCountry "RUS"]
[SourceTitle "EXT 2008"]
[Source "ChessBase"]
[SourceDate "2007.11.25"]
[SourceVersion "1"]
[SourceVersionDate "2007.11.25"]
[SourceQuality "1"]

1. e4 c5 2. Nf3 e6 3. d4 cxd4 4. Nxd4 a6 5. Be2 Ne7 6. 0-0 Nbc6 7. c3 Ng6 8. Be3 Be7 9. a4 Qc7 10. Nd2 Nxd4 11. cxd4 d5 12. Qb3 Qd6 13. a5 0-0 14. Bf3 Nh4 15. exd5 Nxf3+ 16. Nxf3 exd5 17. Ne5 Bd7 18. Qxb7 Bb5 19. Rfc1 Rfb8 20. Qc7 Qxc7 21. Rxc7 Bd6 22. Rc2 f6 23. Nc6 Rc8 24. Rac1 Bc4 25. b3 Rxc6 26. bxc4 Rxc4 27. Rxc4 dxc4 28. Rxc4 Rb8 29. g4 Bb4 30. Bf4 Rb5 31. d5 Bxa5 32. d6 Rb4 33. Rc8+ Kf7 34. Bg3 Rxg4 35. Ra8 Rd4 36. Rxa6 Bb4 37. Rb6 Ke6 38. d7+ Kxd7 39. Rb7+ Ke6 40. Rxg7 h6 41. Rh7 Bd2 42. Kg2 Kf5 43. Rb7 Bf4 1/2-1/2

[Event "Petrovskaya Ladya op 08"]
[Site "Peterhof"]
[Date "2007.08.06"]
[Round "1"]
[White "Gantsevich, Aleksei"]
[Black "Malofeev, Alex"]
[Result "0-1"]
[WhiteElo "2000"]
[BlackElo "2321"]
[PlyCount "84"]
[EventDate "2007.08.06"]
[EventType "swiss"]
[EventRounds "9"]
[EventCountry "RUS"]
[SourceTitle "EXT 2008"]
[Source "ChessBase"]
[SourceDate "2007.11.25"]
[SourceVersion "1"]
[SourceVersionDate "2007.11.25"]
[SourceQuality "1"]

1. e4 c6 2. d4 d5 3. e5 Bf5 4. Be3 e6 5. Nd2 Nd7 6. Be2 Ne7 7. Ngf3 Bg4 8. h3 Bxf3 9. Nxf3 Nf5 10. 0-0 Be7 11. c3 0-0 12. Bd3 g6 13. Bf4 c5 14. Bxf5 gxf5 15. dxc5 Nxc5 16. Nd4 Kh8 17. Kh2 Rg8 18. b4 Bg5 19. Ne2 Ne4 20. Rc1 Rc8 21. Qd4 a5 22. Qe3 Bxf4+ 23. Nxf4 Rc4 24. Ne2 Qc7 25. f4 Rc8 26. bxa5 Qxa5 27. Rc2 Qa4 28. Rfc1 b5 29. Rb2 Qa5 30. Rcc2 Qa3 31. Rb1 b4 32. Rb3 Qa6 33. Rc1 bxc3 34. Rbxc3 Nxc3 35. Rxc3 Rxc3 36. Nxc3 Rg8 37. a4 Qf1 38. Qd2 Qc4 39. a5 Qb4 40. a6 d4 41. Ne4 Qxd2 42. Nxd2 Ra8 0-1

[Event "Spring on Petrograd Side"]
[Site "St Petersburg"]
[Date "2007.04.18"]
[Round "8"]
[White "Malofeev, Alex"]
[Black "Timofeev, Andrei"]
[Result "1-0"]
[WhiteElo "2279"]
[BlackElo "2251"]
[PlyCount "79"]
[EventDate "2007.04.09"]
[EventType "swiss"]
[EventRounds "9"]
[EventCountry "RUS"]
[SourceTitle "EXT 2008"]
[Source "ChessBase"]
[SourceDate "2007.11.25"]
[SourceVersion "1"]
[SourceVersionDate "2007.11.25"]
[SourceQuality "1"]

1. e4 c6 2. d4 d5 3. Nc3 dxe4 4. Nxe4 Bf5 5. Ng3 Bg6 6. h4 h6 7. Nf3 Nd7 8. h5 Bh7 9. Bd3 Bxd3 10. Qxd3 Qc7 11. Bd2 e6 12. Qe2 0-0-0 13. 0-0-0 Ngf6 14. Ne5 Nb6 15. Ba5 Rd5 16. Bxb6 axb6 17. c4 Ra5 18. Kb1 Kb8 19. f4 Bd6 20. Ne4 Nxe4 21. Qxe4 Re8 22. Rd3 b5 23. c5 Bf8 24. g4 Ra4 25. b3 Ra6 26. g5 Ka7 27. gxh6 gxh6 28. Rg3 Rd8 29. Rg8 Qa5 30. Rh2 Qb4 31. Nd3 Qc3 32. Rc2 Qxd4 33. Qxd4 Rxd4 34. Rxf8 Rxd3 35. Rg2 Rc3 36. b4 Ra4 37. Kb2 Rh3 38. a3 b6 39. Rg7 Ka6 40. Rfxf7 1-0

[Event "Spring on Petrograd Side"]
[Site "St Petersburg"]
[Date "2007.04.13"]
[Round "5"]
[White "Smirnov, Artem"]
[Black "Malofeev, Alex"]
[Result "0-1"]
[WhiteElo "2403"]
[BlackElo "2279"]
[PlyCount "86"]
[EventDate "2007.04.09"]
[EventType "swiss"]
[EventRounds "9"]
[EventCountry "RUS"]
[SourceTitle "EXT 2008"]
[Source "ChessBase"]
[SourceDate "2007.11.25"]
[SourceVersion "1"]
[SourceVersionDate "2007.11.25"]
[SourceQuality "1"]

1. d4 Nf6 2. c4 c5 3. d5 d6 4. Nc3 g6 5. e4 Bg7 6. Bd3 0-0 7. h3 e6 8. Nf3 exd5 9. cxd5 b5 10. Nxb5 Nxe4 11. Bxe4 Re8 12. Ng5 Bf6 13. 0-0 Ba6 14. Qa4 Bxg5 15. Bxg5 Qxg5 16. Nc7 Re7 17. Nxa8 Bxf1 18. Rxf1 Qe5 19. Qb5 Nd7 20. Bf3 Qf6 21. Nc7 h5 22. Bd1 Nb6 23. Na6 Nxd5 24. Bf3 Nf4 25. Rd1 Nxh3+ 26. gxh3 Qxf3 27. Qb3 Qe2 28. Qd3 Qxb2 29. Qxd6 Re2 30. Qxc5 Re5 31. Qc4 Rg5+ 32. Kf1 Qb7 33. Nb4 Qg2+ 34. Ke2 Re5+ 35. Kd3 Qxf2 36. Qd4 Qf3+ 37. Kc2 Re2+ 38. Rd2 Qg2 39. Qc3 Qe4+ 40. Nd3 Rxd2+ 41. Kxd2 g5 42. Qe5 Qg2+ 43. Kc3 Qxh3 0-1

[Event "Spring on Petrograd Side"]
[Site "St Petersburg"]
[Date "2007.04.10"]
[Round "2"]
[White "Malofeev, Alex"]
[Black "Solovyov, Viktor"]
[Result "0-1"]
[WhiteElo "2279"]
[BlackElo "2104"]
[PlyCount "84"]
[EventDate "2007.04.09"]
[EventType "swiss"]
[EventRounds "9"]
[EventCountry "RUS"]
[SourceTitle "EXT 2008"]
[Source "ChessBase"]
[SourceDate "2007.11.25"]
[SourceVersion "1"]
[SourceVersionDate "2007.11.25"]
[SourceQuality "1"]

1. e4 e5 2. Nf3 Nc6 3. Bb5 Nf6 4. 0-0 Nxe4 5. d4 Nd6 6. dxe5 Nxb5 7. a4 Nbd4 8. Nxd4 Be7 9. Nf5 0-0 10. Qg4 g6 11. Qg3 d5 12. Nxe7+ Nxe7 13. Bg5 Nf5 14. Qf4 Qd7 15. Nc3 c6 16. Rad1 Qe6 17. g4 Ng7 18. h3 b6 19. Qf6 Qxf6 20. Bxf6 h5 21. f3 Be6 22. Kf2 Kh7 23. Ne2 Rg8 24. Rg1 Ne8 25. Be7 hxg4 26. hxg4 Kg7 27. g5 Rc8 28. Rh1 Rc7 29. Bd8 Rc8 30. Bf6+ Kf8 31. Nf4 Bf5 32. c4 dxc4 33. Rd4 Nc7 34. Rhd1 Bd3 35. Rd7 Nd5 36. e6 Ke8 37. Nxd5 cxd5 38. Re7+ Kf8 39. Rxf7+ Ke8 40. Rh1 Bf5 41. Re7+ Kf8 42. Bg7+ Kxe7 0-1

[Event "St Petersburg Zak Memorial"]
[Site "St Petersburg"]
[Date "2007.03.28"]
[Round "5"]
[White "Malofeev, Alex"]
[Black "Pankov, German"]
[Result "1/2-1/2"]
[WhiteElo "2277"]
[BlackElo "2321"]
[PlyCount "97"]
[EventDate "2007.03.24"]
[EventType "team"]
[EventRounds "9"]
[EventCountry "RUS"]
[SourceTitle "CBM 117 Extra"]
[Source "ChessBase"]
[SourceDate "2007.05.09"]
[SourceVersion "1"]
[SourceVersionDate "2007.05.09"]
[SourceQuality "1"]

1. e4 c5 2. Nf3 Nc6 3. d4 cxd4 4. Nxd4 g6 5. Nc3 Bg7 6. Nb3 Nf6 7. Be2 0-0 8. 0-0 d6 9. Kh1 Bd7 10. f4 Rc8 11. Bf3 Be6 12. Nd5 Bxd5 13. exd5 Nb4 14. c3 Na6 15. Re1 Re8 16. Be3 Nc5 17. Nxc5 dxc5 18. c4 Qc7 19. Rb1 Red8 20. Qe2 Ne8 21. Bf2 Bf6 22. Bg4 Ra8 23. Bh3 Nd6 24. g4 Re8 25. g5 Bg7 26. Bg4 Rab8 27. Bg3 b5 28. f5 Qd8 29. fxg6 hxg6 30. cxb5 Rxb5 31. b3 Rb4 32. Qf3 Rd4 33. Rbd1 Nb5 34. Rf1 Rf8 35. Bf2 Rxd1 36. Rxd1 Nd4 37. Qe4 Qa8 38. Bh3 Nb5 39. Qxe7 Nc3 40. Re1 Qxd5+ 41. Bg2 Qd2 42. Qxc5 Qxa2 43. b4 a6 44. Rf1 Qe2 45. Re1 Qd2 46. Qe3 Qd8 47. Qe7 Qd2 48. Bc5 Na4 49. Qe2 1/2-1/2

[Event "St Petersburg Zak Memorial"]
[Site "St Petersburg"]
[Date "2007.03.25"]
[Round "2"]
[White "Efremova, Daria"]
[Black "Malofeev, Alex"]
[Result "0-1"]
[WhiteElo "2027"]
[BlackElo "2277"]
[PlyCount "124"]
[EventDate "2007.03.24"]
[EventType "team"]
[EventRounds "9"]
[EventCountry "RUS"]
[SourceTitle "CBM 117 Extra"]
[Source "ChessBase"]
[SourceDate "2007.05.09"]
[SourceVersion "1"]
[SourceVersionDate "2007.05.09"]
[SourceQuality "1"]

1. e4 c6 2. d4 d5 3. Nc3 dxe4 4. Nxe4 Nf6 5. Nxf6+ exf6 6. Be2 Bd6 7. Nf3 0-0 8. 0-0 Qc7 9. h3 Rd8 10. Be3 Nd7 11. Qc1 Nf8 12. c4 Ng6 13. c5 Bf4 14. Bd3 f5 15. Qc2 Ne7 16. Rfe1 Bxe3 17. Rxe3 Nd5 18. Re5 Nb4 19. Qe2 Be6 20. Bxf5 Bxf5 21. Rxf5 f6 22. Qc4+ Nd5 23. Nd2 Re8 24. Nf1 Qf7 25. Rf3 Re4 26. Ng3 Rf4 27. Re3 Nxe3 28. Qxf7+ Kxf7 29. fxe3 Rh4 30. Nf5 Rh5 31. g4 Rg5 32. Kf2 Ke6 33. e4 h5 34. gxh5 Rh8 35. h4 Rxf5+ 36. exf5+ Kxf5 37. Re1 Rxh5 38. Kg3 g5 39. hxg5 Rxg5+ 40. Kf3 Rg7 41. b4 Rd7 42. Re4 Rh7 43. Re8 Rh3+ 44. Kg2 Ra3 45. Re2 Kf4 46. b5 f5 47. bxc6 bxc6 48. d5 cxd5 49. Rc2 Rg3+ 50. Kf2 Rg7 51. c6 Rc7 52. Rc3 Ke4 53. Ke2 f4 54. a3 d4 55. Rc5 f3+ 56. Kd2 f2 57. Ke2 Rf7 58. Kf1 d3 59. Rc1 d2 60. Rd1 Ke3 61. Rb1 d1Q+ 62. Rxd1 Rg7 0-1